Statistics for Star wars movies - Oldest to Newest (by release year)

Click here to take the quiz!

General Stats

  • This quiz has been taken 16 times
  • The average score is 9 of 11

Answer Stats

HintAnswer% Correct
1977A New Hope
100%
1980The Empire Strikes Back
100%
1983Return of the Jedi
100%
2005Revenge of the Sith
93%
1999The Phantom Menace
87%
2002 Attack of the Clones
80%
2008The Clone Wars
80%
2015The Force Awakens
80%
2017The Last Jedi
80%
2018Solo
73%
2016Rogue One
67%

Score Distribution

Percentile by Number Answered

Percent of People with Each Score

Your Score History

You have not taken this quiz